[Event "Carnaval"]
[Site "Quebec CAN"]
[Date "1990.02.03"]
[Round "3"]
[White "Hergott, Deen"]
[Black "Hebert, Jean"]
[Result "1/2-1/2"]
[WhiteElo "2283"]
[BlackElo "2443"]
[PlyCount "44"]
[GameId "2160767912481454"]
[EventDate "1990.02.02"]
[EventType "swiss"]
[EventRounds "5"]
[EventCountry "CAN"]

1. d4 Nf6 2. Nf3 d6 3. c4 Bg4 4. Qb3 Qc8 5. h3 Bxf3 6. Qxf3 Nc6 7. d5 Nb4 8. Qb3 a5 9. a3 Na6 10. Nc3 Nc5 11. Qc2 e5 12. b3 c6 13. Bg5 Be7 14. Rd1 Ncd7 15. e3 h6 16. Bxf6 Nxf6 17. Be2 O-O 18. O-O Qc7 19. Kh1 Rfe8 20. f4 exf4 21. exf4 Bf8 22. Bf3 Rad8 1/2-1/2

[Event "Carnaval"]
[Site "Quebec CAN"]
[Date "1990.02.04"]
[Round "4"]
[White "Spraggett, Grant"]
[Black "Hebert, Jean"]
[Result "0-1"]
[WhiteElo "2308"]
[BlackElo "2443"]
[PlyCount "84"]
[GameId "2160767912481456"]
[EventDate "1990.02.02"]
[EventType "swiss"]
[EventRounds "5"]
[EventCountry "CAN"]

1. c4 g6 2. g3 Bg7 3. Bg2 d6 4. Nc3 Nc6 5. d3 e5 6. e4 Nge7 7. Nge2 O-O 8. O-O Be6 9. Nd5 Qd7 10. Rb1 f5 11. b4 fxe4 12. dxe4 Rf7 13. Be3 Raf8 14. f3 b6 15. Qd2 Nd8 16. Nxe7+ Qxe7 17. Rbc1 c5 18. b5 Bf6 19. Rfd1 Nb7 20. Rc2 Na5 21. Qd3 Bg5 22. f4 exf4 23. Nxf4 Bg4 24. Rf1 Qe5 25. Bd2 Bf6 26. Bc3 Qe8 27. e5 Bf5 28. Qe2 Bxe5 29. Bd5 Bxc2 30. Qxc2 Kh8 31. Bxf7 Rxf7 32. Bxe5+ dxe5 33. Re1 Qd7 34. Rd1 Qf5 35. Qc3 Kg7 36. Nd3 Rd7 37. Rd2 Rd4 38. Nb2 Qe4 39. Rf2 Nxc4 40. Nxc4 Rxc4 41. Qd2 Rd4 42. Qc1 Qd5 0-1

[Event "Carnaval"]
[Site "Quebec CAN"]
[Date "1990.02.04"]
[Round "5"]
[White "Hebert, Jean"]
[Black "Barbeau, Sylvain"]
[Result "1/2-1/2"]
[WhiteElo "2443"]
[BlackElo "2379"]
[PlyCount "151"]
[GameId "2160767912481457"]
[EventDate "1990.02.02"]
[EventType "swiss"]
[EventRounds "5"]
[EventCountry "CAN"]

1. c4 c5 2. Nc3 Nc6 3. Nf3 g6 4. e3 Nf6 5. d4 cxd4 6. exd4 d5 7. cxd5 Nxd5 8. Qb3 Nxc3 9. Bc4 Nd5 10. Bxd5 e6 11. Bxc6+ bxc6 12. O-O Bg7 13. Bg5 Qd6 14. Rfc1 O-O 15. Rc5 Rb8 16. Qc3 Rxb2 17. Bf4 Qe7 18. Rxc6 Qb7 19. Rc1 Rb1 20. Rc7 Rxc1+ 21. Qxc1 Qa6 22. Rc6 Qb7 23. Ne5 Bxe5 24. Bxe5 Bd7 25. Rc7 Rc8 26. Rxc8+ Qxc8 27. Qg5 f5 28. h4 Qf8 29. h5 Kf7 30. hxg6+ hxg6 31. Qf6+ Ke8 32. Qxg6+ Qf7 33. Qg5 Bc6 34. Bd6 Bd5 35. a3 Kd7 36. Bc5 Kc8 37. Qf4 Kb7 38. f3 Qd7 39. Kh2 Qh7+ 40. Kg3 Qg7+ 41. Kf2 Qd7 42. Qe5 Kc8 43. Kg3 a6 44. Bd6 Kb7 45. Bb4 Qc7 46. Bd6 Qd7 47. Kf2 Kc6 48. Bc5 Qc7 49. Qe3 Kb7 50. Kg1 Qg3 51. Qc3 Qc7 52. Kf2 Kc8 53. Qb4 Qc6 54. Bd6 Qb7 55. Qc5+ Kd7 56. Be5 Ke8 57. Kg3 Qe7 58. Qc1 Qb7 59. Kf2 Kd7 60. Qc3 Qb6 61. Bf6 Bb7 62. Qc5 Qxc5 63. dxc5 Kc6 64. Be7 e5 65. Ke3 Bc8 66. Kd3 Kd5 67. Kc3 Bd7 68. Kb4 Bb5 69. Ka5 Kc6 70. Bd6 Be2 71. Kb4 Kd5 72. a4 Bd1 73. a5 Be2 74. Bb8 f4 75. c6 Kxc6 76. Bxe5 1/2-1/2

[Event "Laval VII"]
[Site "Laval CAN"]
[Date "1990.??.??"]
[Round "?"]
[White "Barbeau, Sylvain"]
[Black "Hebert, Jean"]
[Result "0-1"]
[WhiteElo "2388"]
[BlackElo "2456"]
[PlyCount "58"]
[GameId "2160767912485670"]
[EventDate "1990.??.??"]
[EventType "swiss"]
[EventRounds "5"]
[EventCountry "CAN"]

1. d4 Nf6 2. Bg5 e6 3. Nd2 h6 4. Bh4 d5 5. e3 Be7 6. Bd3 b6 7. f4 Bb7 8. Bxf6 Bxf6 9. Ngf3 c5 10. c3 Nc6 11. Qe2 Qc7 12. Ne5 O-O-O 13. Ndf3 Kb8 14. O-O Rhf8 15. a4 c4 16. Nxc6+ Bxc6 17. Bc2 Be7 18. Rfb1 a5 19. b3 cxb3 20. Rxb3 Ka7 21. Ne5 Bd6 22. Bd3 Bxe5 23. fxe5 f6 24. exf6 Rxf6 25. Qd2 e5 26. Bf1 Rdf8 27. Qd3 Bb7 28. Rab1 e4 29. Qd2 Rxf1+ 0-1

[Event "Specialiste Automne"]
[Site "Montreal CAN"]
[Date "1989.10.28"]
[Round "?"]
[White "Lacroix, Serge"]
[Black "Hebert, Jean"]
[Result "0-1"]
[WhiteElo "2000"]
[BlackElo "2400"]
[PlyCount "44"]
[GameId "2160767912494195"]
[EventDate "1989.10.28"]
[EventType "swiss"]
[EventRounds "4"]
[EventCountry "CAN"]
[SourceTitle "Lacroix"]

1. d4 Nf6 2. c4 g6 3. Nc3 Bg7 4. e4 O-O 5. Nf3 d6 6. Be2 e5 7. Be3 Nc6 8. d5 Ne7 9. O-O Ng4 10. Bg5 h6 11. Bh4 f5 12. Ne1 g5 13. Bg3 Nf6 14. f3 f4 15. Bf2 h5 16. h3 Ng6 17. c5 Rf7 18. Nd3 Bf8 19. Rc1 Rg7 20. cxd6 Bxd6 21. Nb5 g4 22. Nxd6 cxd6 0-1

[Event "Montreal op"]
[Site "Montreal CAN"]
[Date "1989.09.04"]
[Round "5"]
[White "Hebert, Jean"]
[Black "Cazelais, Marc"]
[Result "1-0"]
[WhiteElo "2423"]
[BlackElo "2139"]
[PlyCount "123"]
[GameId "2160767912502483"]
[EventDate "1989.09.02"]
[EventType "swiss"]
[EventRounds "5"]
[EventCountry "CAN"]
[SourceTitle "EXT 2022"]
[Source "ChessBase"]
[SourceDate "2021.10.06"]
[SourceVersion "1"]
[SourceVersionDate "2021.10.06"]
[SourceQuality "1"]

1. Nf3 Nf6 2. c4 g6 3. Nc3 Bg7 4. e4 d6 5. d4 O-O 6. Be2 Bg4 7. Be3 Nfd7 8. Rc1 e5 9. d5 a5 10. h3 Bxf3 11. Bxf3 Na6 12. h4 f5 13. h5 Nac5 14. hxg6 hxg6 15. Rh3 b6 16. Qc2 Qc8 17. Kd2 Nf6 18. Bxc5 bxc5 19. Rch1 Qd7 20. Rg3 Kf7 21. exf5 gxf5 22. Bh5+ Nxh5 23. Rxh5 e4 24. Nxe4 fxe4 25. Qxe4 Rh8 26. Qg6+ Kg8 27. Rxh8+ Kxh8 28. Rh3+ Qxh3 29. gxh3 Rf8 30. Ke2 Bxb2 31. f4 Bg7 32. Kf3 a4 33. Qh5+ Kg8 34. Qg4 a3 35. Qe6+ Kh8 36. Kg4 Rf6 37. Qc8+ Kh7 38. Qxc7 Rg6+ 39. Kf3 Rg1 40. Qa7 Rc1 41. Qxa3 Rc3+ 42. Qxc3 Bxc3 43. Kg4 Kg6 44. h4 Bb2 45. a4 Bc3 46. h5+ Kf6 47. h6 Kg6 48. h7 Kxh7 49. Kf5 Kg7 50. Ke6 Kg6 51. Kxd6 Kf5 52. Ke7 Kxf4 53. d6 Ke4 54. d7 Ba5 55. d8=Q Bxd8+ 56. Kxd8 Kd4 57. a5 Kxc4 58. a6 Kb3 59. a7 c4 60. a8=Q Kb2 61. Qb7+ Kc2 62. Qe4+ 1-0

[Event "Quebec-ch semi-rapide"]
[Site "Montreal CAN"]
[Date "1989.07.30"]
[Round "3"]
[White "Hebert, Jean"]
[Black "Teuton, Frank"]
[Result "1-0"]
[WhiteElo "2380"]
[BlackElo "2067"]
[PlyCount "54"]
[GameId "2160767912502519"]
[EventDate "1989.07.30"]
[EventType "swiss (rapid)"]
[EventRounds "6"]
[EventCountry "CAN"]

1. e4 c5 2. Nf3 d6 3. d4 cxd4 4. Nxd4 Nf6 5. Nc3 g6 6. Be3 Bg7 7. f3 Nc6 8. Qd2 O-O 9. g4 Nd7 10. h4 Nde5 11. Be2 Na5 12. b3 Be6 13. h5 Rc8 14. Bh6 Bh8 15. Bxf8 Qxf8 16. hxg6 hxg6 17. Rxh8+ Kxh8 18. f4 Nec6 19. f5 Bd7 20. Nd5 Qg7 21. f6 exf6 22. Nxc6 Nxc6 23. Kf2 Ne5 24. Rh1+ Kg8 25. Ne7+ Kf8 26. Qxd6 Nxg4+ 27. Bxg4 Rxc2+ 1-0

[Event "Quebec op"]
[Site "Montreal CAN"]
[Date "1989.07.22"]
[Round "1"]
[White "Hebert, Jean"]
[Black "Larocque, Denis"]
[Result "1-0"]
[WhiteElo "2394"]
[BlackElo "1872"]
[PlyCount "69"]
[GameId "2160767912502531"]
[EventDate "1989.07.22"]
[EventType "swiss"]
[EventRounds "8"]
[EventCountry "CAN"]
[SourceTitle "hb 2009.04"]

1. Nf3 d5 2. c4 c6 3. d4 Nf6 4. Nc3 dxc4 5. a4 Bf5 6. Ne5 Nbd7 7. Nxc4 Qc7 8. g3 e5 9. dxe5 Nxe5 10. Bf4 Nfd7 11. Bg2 f6 12. O-O Be6 13. Nxe5 fxe5 14. Be3 Bc5 15. Qc1 Bxe3 16. Qxe3 Qb6 17. Qg5 O-O 18. a5 Qc7 19. a6 b5 20. Qh4 Rac8 21. Be4 Bf5 22. b4 Bxe4 23. Nxe4 Qd8 24. Qg4 Qe7 25. Rac1 Nf6 26. Nxf6+ Qxf6 27. Qe4 Rfd8 28. Rfd1 Rxd1+ 29. Rxd1 g6 30. Rd7 Qf5 31. Qxf5 gxf5 32. Rxa7 c5 33. bxc5 b4 34. Rb7 Ra8 35. a7 1-0

[Event "Quebec op"]
[Site "Montreal CAN"]
[Date "1989.07.23"]
[Round "2"]
[White "Angers, Gilles"]
[Black "Hebert, Jean"]
[Result "0-1"]
[WhiteElo "1998"]
[BlackElo "2394"]
[PlyCount "50"]
[GameId "2160767912502535"]
[EventDate "1989.07.22"]
[EventType "swiss"]
[EventRounds "8"]
[EventCountry "CAN"]
[SourceTitle "hb 2013"]

1. e4 c5 2. d4 cxd4 3. c3 dxc3 4. Nxc3 Nc6 5. Nf3 e6 6. Bc4 a6 7. O-O Nge7 8. Bg5 f6 9. Bh4 Ng6 10. Bg3 b5 11. Bb3 Na5 12. Bc2 Bb7 13. h4 Bc5 14. h5 Ne7 15. Bd6 Bxd6 16. Qxd6 Qb8 17. Qd3 Nc4 18. Nd1 Ne5 19. Nxe5 Qxe5 20. Qe2 O-O 21. a4 Nc6 22. Bb1 f5 23. Re1 Nd4 24. Qd3 fxe4 25. Qh3 Rf5 0-1

[Event "Quebec op"]
[Site "Montreal CAN"]
[Date "1989.07.24"]
[Round "3"]
[White "Hebert, Jean"]
[Black "Labelle, Jacques"]
[Result "0-1"]
[WhiteElo "2394"]
[BlackElo "2092"]
[PlyCount "102"]
[GameId "2160767912502550"]
[EventDate "1989.07.22"]
[EventType "swiss"]
[EventRounds "8"]
[EventCountry "CAN"]
[SourceTitle "FQE 08"]

1. c4 e5 2. Nc3 Nf6 3. Nf3 Nc6 4. g3 Bb4 5. Bg2 O-O 6. O-O e4 7. Ne1 Bxc3 8. dxc3 Re8 9. Nc2 h6 10. Nd4 Ne5 11. b3 d6 12. f4 exf3 13. exf3 d5 14. c5 Qe7 15. b4 Nc6 16. Bf4 g5 17. Bd2 Nxd4 18. cxd4 Bf5 19. Re1 Qd7 20. Re5 c6 21. Qf1 Nh7 22. Rae1 f6 23. R5e3 h5 24. Qf2 Bg6 25. h4 Rxe3 26. Rxe3 Re8 27. Rxe8+ Bxe8 28. hxg5 fxg5 29. Qe1 Bg6 30. Qe5 Qf5 31. Qb8+ Nf8 32. Qxb7 g4 33. Bh6 Ne6 34. fxg4 Qxg4 35. Qb8+ Kh7 36. Be3 h4 37. Kf2 Be4 38. Bxe4+ dxe4 39. Bf4 Qf3+ 40. Ke1 e3 41. Bxe3 Qxe3+ 42. Kd1 hxg3 43. Qb7+ Kg6 44. Qxc6 Qxd4+ 45. Kc2 Qc4+ 46. Kd1 Qd3+ 47. Kc1 Kf5 48. Qb7 Qf1+ 49. Kb2 Qe2+ 50. Ka3 g2 51. Qh7+ Kg4 0-1

[Event "Quebec op"]
[Site "Montreal CAN"]
[Date "1989.07.25"]
[Round "4"]
[White "Desforges, Jean"]
[Black "Hebert, Jean"]
[Result "0-1"]
[WhiteElo "1944"]
[BlackElo "2394"]
[PlyCount "117"]
[GameId "2160767912502555"]
[EventDate "1989.07.22"]
[EventType "swiss"]
[EventRounds "8"]
[EventCountry "CAN"]
[SourceTitle "hb 2009.04"]

1. d4 Nf6 2. c4 e6 3. Nf3 Bb4+ 4. Bd2 c5 5. Bxb4 cxb4 6. a3 bxa3 7. Rxa3 O-O 8. e3 Nc6 9. Bd3 d6 10. O-O e5 11. Nc3 Bg4 12. Be2 Re8 13. Nxe5 dxe5 14. Bxg4 exd4 15. exd4 Qxd4 16. Qxd4 Nxd4 17. Bf3 Nxf3+ 18. gxf3 a6 19. Rb3 Re7 20. Rd1 Rc8 21. Nd5 Nxd5 22. Rxd5 Kf8 23. c5 Rcc7 24. Rbd3 Re1+ 25. Kg2 Rb1 26. Rb3 g6 27. Rb6 Re1 28. f4 Re6 29. Rb4 Rec6 30. Rd8+ Ke7 31. Rb8 Rxc5 32. R8xb7 Kd7 33. R4b6 R5c6 34. Rb3 Rd6 35. Rxc7+ Kxc7 36. Re3 Rf6 37. Kg3 Kc6 38. Kg4 Rf5 39. Re7 a5 40. b3 Kd5 41. h4 Kd4 42. Rb7 Kc3 43. Kf3 h6 44. Kg4 Kc2 45. h5 Rxh5 46. Rxf7 Rb5 47. Rf6 h5+ 48. Kh4 Kxb3 49. Rxg6 a4 50. Rg5 Rb4 51. Rxh5 Rxf4+ 52. Kg3 Rb4 53. f4 a3 54. Ra5 a2 55. Rxa2 Kxa2 56. Kg4 Kb3 57. Kf5 Kc4 58. Ke6 Kd4 59. Kf6 0-1

[Event "Quebec op"]
[Site "Montreal CAN"]
[Date "1989.07.26"]
[Round "5"]
[White "Hebert, Jean"]
[Black "Saint-Pierre, Benoit"]
[Result "1/2-1/2"]
[WhiteElo "2394"]
[BlackElo "2126"]
[PlyCount "67"]
[GameId "2160767912502572"]
[EventDate "1989.07.22"]
[EventType "swiss"]
[EventRounds "8"]
[EventCountry "CAN"]
[SourceTitle "EXT 2022"]
[Source "ChessBase"]
[SourceDate "2021.10.06"]
[SourceVersion "1"]
[SourceVersionDate "2021.10.06"]
[SourceQuality "1"]

1. Nf3 Nf6 2. c4 c5 3. Nc3 Nc6 4. d4 cxd4 5. Nxd4 e5 6. Nc2 d6 7. Bg5 Be7 8. e3 Be6 9. Be2 h6 10. Bxf6 Bxf6 11. O-O O-O 12. Na3 a6 13. Bf3 Rb8 14. Rc1 Qa5 15. Bd5 Qb4 16. Qd2 Be7 17. Nc2 Qa5 18. Qe2 Qc7 19. Kh1 Rbe8 20. Ne1 Nb4 21. Qf3 Bc8 22. a3 Nc6 23. b4 Kh8 24. Qd1 f5 25. b5 Nb8 26. f4 e4 27. Nc2 axb5 28. Nxb5 Qd8 29. Ncd4 Na6 30. Nb3 Bf6 31. Qd2 Qb6 32. Rfe1 Bd7 33. a4 Bxb5 34. a5 1/2-1/2

[Event "Quebec op"]
[Site "Montreal CAN"]
[Date "1989.07.27"]
[Round "6"]
[White "Hebert, Jean"]
[Black "Lagasse, Pascal"]
[Result "1-0"]
[WhiteElo "2394"]
[BlackElo "1950"]
[PlyCount "121"]
[GameId "2160767912502582"]
[EventDate "1989.07.22"]
[EventType "swiss"]
[EventRounds "8"]
[EventCountry "CAN"]
[SourceTitle "hb 2009.04"]

1. c4 Nf6 2. Nc3 g6 3. g3 Bg7 4. Bg2 O-O 5. e4 c5 6. Nge2 Nc6 7. d3 d6 8. h3 Rb8 9. Be3 a6 10. Rc1 e5 11. O-O b5 12. b3 b4 13. Na4 Nd7 14. f4 f6 15. h4 Nb6 16. Nxb6 Qxb6 17. f5 Bd7 18. g4 Nd4 19. Ng3 a5 20. Rf2 a4 21. Rb1 axb3 22. axb3 Ra8 23. Qf1 Ra3 24. g5 Qd8 25. Bh3 Rxb3 26. Rxb3 Nxb3 27. fxg6 hxg6 28. Bxd7 Qxd7 29. gxf6 Qg4 30. Qg2 Qxh4 31. fxg7 Rxf2 32. Qxf2 Qe7 33. Bh6 Qf7 34. Qa2 Kh7 35. Qa8 Qg8 36. Qxg8+ Kxg8 37. Kf2 Nd4 38. Bg5 Kxg7 39. Be7 b3 40. Nf1 b2 41. Nd2 Kf7 42. Bxd6 Kf6 43. Nb1 Nb3 44. Bc7 g5 45. Bd8+ Kg6 46. Ke3 g4 47. Bh4 Nd4 48. Bg3 Kf6 49. Kd2 Kg5 50. Kd1 Kf6 51. Bf2 Kg5 52. Bg3 Kf6 53. Bh4+ Kg6 54. Be7 Nb3 55. Kc2 Nd4+ 56. Kxb2 Kh5 57. Bxc5 g3 58. Nc3 g2 59. Bxd4 exd4 60. Ne2 Kg4 61. Kc2 1-0

[Event "Quebec op"]
[Site "Montreal CAN"]
[Date "1989.07.28"]
[Round "7"]
[White "Duong, Thanh Nha"]
[Black "Hebert, Jean"]
[Result "0-1"]
[WhiteElo "2066"]
[BlackElo "2394"]
[PlyCount "86"]
[GameId "2160767912502593"]
[EventDate "1989.07.22"]
[EventType "swiss"]
[EventRounds "8"]
[EventCountry "CAN"]
[SourceTitle "hb 2009.04"]

1. d4 Nf6 2. Nf3 e6 3. Bg5 h6 4. Bh4 b6 5. e3 Bb7 6. Nbd2 d6 7. Bd3 Nbd7 8. O-O g5 9. Bg3 Nh5 10. Qe2 Bg7 11. c3 a6 12. Ne1 Nxg3 13. fxg3 Qe7 14. Be4 Bxe4 15. Nxe4 O-O 16. g4 d5 17. Ng3 Nf6 18. Nd3 Ne4 19. Nxe4 dxe4 20. Nf2 f5 21. Nh1 c5 22. Ng3 cxd4 23. cxd4 Qd7 24. Qc4 Kh8 25. Rac1 f4 26. exf4 Rac8 27. Qxa6 Qxd4+ 28. Kh1 Rxc1 29. Rxc1 gxf4 30. Nh5 Qxb2 31. Qf1 e3 32. Re1 Qf2 33. Nxg7 Qxf1+ 34. Rxf1 Kxg7 35. Kg1 e5 36. Rb1 Ra8 37. Kf1 e4 38. Re1 Ra3 39. h4 f3 40. Rb1 Rxa2 41. gxf3 exf3 42. Re1 Rf2+ 43. Kg1 Rg2+ 0-1

[Event "Quebec op"]
[Site "Montreal CAN"]
[Date "1989.07.29"]
[Round "8"]
[White "Hebert, Jean"]
[Black "Barbeau, Sylvain"]
[Result "1-0"]
[WhiteElo "2394"]
[BlackElo "2337"]
[PlyCount "95"]
[GameId "2160767912502605"]
[EventDate "1989.07.22"]
[EventType "swiss"]
[EventRounds "8"]
[EventCountry "CAN"]
[SourceTitle "EXT 2022"]
[Source "ChessBase"]
[SourceDate "2021.10.06"]
[SourceVersion "1"]
[SourceVersionDate "2021.10.06"]
[SourceQuality "1"]

1. d4 Nf6 2. c4 g6 3. Nc3 d5 4. cxd5 Nxd5 5. e4 Nxc3 6. bxc3 Bg7 7. Bc4 c5 8. Ne2 O-O 9. O-O Nc6 10. Be3 Na5 11. Bd3 b6 12. Rc1 Bb7 13. d5 c4 14. Bc2 e6 15. f4 exd5 16. e5 Nc6 17. Ba4 Qe7 18. Qd2 Rad8 19. Rce1 Qc7 20. Bf2 a6 21. Bxc6 Bxc6 22. Bd4 Bd7 23. Ng3 Rfe8 24. f5 Bxf5 25. Rxf5 gxf5 26. Nxf5 Re6 27. Qg5 Rg6 28. Ne7+ Kf8 29. Nxg6+ hxg6 30. Rf1 Re8 31. Qxg6 Kg8 32. Qh5 Re6 33. Rf5 Qe7 34. Qf3 Qd7 35. h4 b5 36. h5 a5 37. Rg5 Kh7 38. Qf5+ Kh8 39. Qg4 Bh6 40. Rg8+ Kh7 41. Ra8 Bd2 42. Qg8+ Kh6 43. Qh8+ Kg5 44. Qg7+ Kxh5 45. Ra7 Qe8 46. g4+ Kh4 47. Bf2+ Kh3 48. Rxf7 1-0

[Event "Fete de l'amiante"]
[Site "Thetford Mines CAN"]
[Date "1989.07.01"]
[Round "3"]
[White "Hebert, Jean"]
[Black "Teuton, Frank"]
[Result "1-0"]
[WhiteElo "2380"]
[BlackElo "1931"]
[PlyCount "63"]
[GameId "2160767912519124"]
[EventDate "1989.06.30"]
[EventType "swiss"]
[EventRounds "5"]
[EventCountry "CAN"]

1. c4 Nf6 2. Nc3 g6 3. e4 d6 4. g3 Bg7 5. Bg2 O-O 6. Nge2 Nc6 7. O-O a6 8. h3 Bd7 9. f4 Rb8 10. d4 Na5 11. b3 c5 12. dxc5 dxc5 13. e5 Ne8 14. Be3 b6 15. Qd2 Qc8 16. Kh2 h5 17. Rad1 Bf5 18. Na4 Nc6 19. Nec3 Kh7 20. Qf2 Nb4 21. a3 Nc2 22. Nd5 Qe6 23. g4 hxg4 24. hxg4 Bxg4 25. Qxc2 Bxd1 26. Rxd1 Rh8 27. Kg1 Kg8 28. Ndxb6 Rxb6 29. Rd8 Kf8 30. Nxc5 Qg4 31. Nd7+ Qxd7 32. Rxd7 1-0

[Event "Active 1989.06"]
[Site "Montreal CAN"]
[Date "1989.06.10"]
[Round "3"]
[White "Teuton, Frank"]
[Black "Hebert, Jean"]
[Result "0-1"]
[WhiteElo "2123"]
[BlackElo "2350"]
[PlyCount "43"]
[GameId "2160767912519187"]
[EventDate "1989.06.10"]
[EventType "swiss (rapid)"]
[EventRounds "5"]
[EventCountry "CAN"]

1. e4 g6 2. d4 Bg7 3. Nc3 d6 4. Bg5 c5 5. dxc5 Qa5 6. Qd2 Qxc5 7. Nd5 Be6 8. Be3 Qc8 9. c4 Nc6 10. Rc1 Nf6 11. f3 O-O 12. Ne2 Qd8 13. Nec3 Nd7 14. Be2 a5 15. O-O Nc5 16. Kh1 Rb8 17. Bh6 f6 18. Bxg7 Kxg7 19. f4 b6 20. Ne3 Qc7 21. f5 gxf5 22. exf5 0-1

[Event "Croatia int."]
[Site "Mississauga CAN"]
[Date "1989.??.??"]
[Round "1"]
[White "Hebert, Jean"]
[Black "Bailey, Doug"]
[Result "1-0"]
[WhiteElo "2420"]
[BlackElo "2355"]
[PlyCount "67"]
[GameId "2160767912519691"]
[EventDate "1989.03.??"]
[EventType "tourn"]
[EventRounds "11"]
[EventCountry "CAN"]
[EventCategory "8"]
[SourceTitle "EXT 89"]

1. Nf3 Nf6 2. c4 g6 3. Nc3 d5 4. cxd5 Nxd5 5. Qa4+ Bd7 6. Qh4 Nf6 7. d3 h6 8. g3 Bg7 9. h3 Nc6 10. Bg2 e5 11. Be3 Qe7 12. Rc1 a6 13. O-O Rd8 14. Rfe1 Nd4 15. Nxd4 g5 16. Nc6 gxh4 17. Nxe7 Kxe7 18. g4 b6 19. f4 Ne8 20. Bf2 exf4 21. Bxh4+ f6 22. Nd5+ Kf7 23. Nxf4 Be6 24. Nxe6 Kxe6 25. Rc6+ Rd6 26. Rc4 f5 27. gxf5+ Kxf5 28. Rf1+ Ke6 29. Re4+ Kd7 30. Rf7+ Kc8 31. Rxe8+ Rxe8 32. Rxg7 Rxe2 33. Rg8+ Kd7 34. Rd8+ 1-0

[Event "Croatia int."]
[Site "Mississauga CAN"]
[Date "1989.??.??"]
[Round "3"]
[White "Hebert, Jean"]
[Black "Vranesic, Zvonko"]
[Result "1/2-1/2"]
[WhiteElo "2420"]
[BlackElo "2365"]
[PlyCount "81"]
[GameId "2160767912519698"]
[EventDate "1989.03.??"]
[EventType "tourn"]
[EventRounds "11"]
[EventCountry "CAN"]
[EventCategory "8"]
[SourceTitle "EXT 89"]

1. Nf3 Nf6 2. c4 e6 3. d4 d5 4. Nc3 Be7 5. Bg5 O-O 6. e3 Nbd7 7. Rc1 a6 8. a3 Re8 9. c5 c6 10. Bd3 e5 11. Bxf6 Bxf6 12. dxe5 Nxe5 13. Nxe5 Bxe5 14. O-O Qh4 15. f4 Bf6 16. g3 Qh3 17. Qd2 Bd7 18. Rce1 Re7 19. Nd1 Qh6 20. Nf2 Bh3 21. Nxh3 Qxh3 22. Rf2 Rae8 23. Bf1 Qf5 24. Bg2 g6 25. b4 Bg7 26. Rfe2 Qf6 27. Rd1 h5 28. h4 Qc3 29. Qxc3 Bxc3 30. Rd3 Bg7 31. Kf2 f5 32. Bf3 Kf7 33. Red2 Bf6 34. a4 Rd8 35. a5 Rde8 36. Rd1 Bb2 37. Rb3 Bg7 38. Rbd3 Rd8 39. R1d2 Ke8 40. Rd1 Red7 41. R1d2 1/2-1/2

[Event "Croatia int."]
[Site "Mississauga CAN"]
[Date "1989.??.??"]
[Round "4"]
[White "Hebert, Jean"]
[Black "Norwood, David"]
[Result "0-1"]
[WhiteElo "2420"]
[BlackElo "2430"]
[PlyCount "108"]
[GameId "2160767912519702"]
[EventDate "1989.03.??"]
[EventType "tourn"]
[EventRounds "11"]
[EventCountry "CAN"]
[EventCategory "8"]
[SourceTitle "EXT 89"]

1. Nf3 c5 2. c4 Nc6 3. Nc3 g6 4. e3 d6 5. d4 Bg4 6. Be2 cxd4 7. exd4 Bg7 8. d5 Bxf3 9. Bxf3 Ne5 10. Be2 Nh6 11. Bd2 Rc8 12. Qa4+ Qd7 13. Qxd7+ Nxd7 14. Rc1 Nf5 15. b3 Nd4 16. Be3 a6 17. O-O Nc5 18. Rfd1 Nf5 19. Bd2 h5 20. h3 O-O 21. b4 Nd7 22. Ne4 Bb2 23. Rb1 Be5 24. Kf1 Rc7 25. Bd3 Nb6 26. c5 Nxd5 27. g4 hxg4 28. hxg4 Nd4 29. Bc4 Nf6 30. Nxf6+ Bxf6 31. Bc3 dxc5 32. bxc5 Nc6 33. Bxf6 exf6 34. Rd6 Na5 35. Bd5 Rxc5 36. g5 fxg5 37. Rxg6+ Kh7 38. Rxg5 Kh6 39. f4 f6 40. Rb6 Nc6 41. Rg8 Rxg8 42. Bxg8 Kg7 43. Be6 Rb5 44. Rxb5 axb5 45. Ke1 Kf8 46. Kd2 Ke7 47. Bc8 b6 48. Bb7 Kd6 49. Kc3 b4+ 50. Kb2 Nd4 51. Bc8 Ne2 52. Kb3 Kc5 53. f5 Nd4+ 54. Kb2 Kd6 0-1

[Event "Croatia int."]
[Site "Mississauga CAN"]
[Date "1989.??.??"]
[Round "5"]
[White "Nickoloff, Bryon"]
[Black "Hebert, Jean"]
[Result "1-0"]
[WhiteElo "2420"]
[BlackElo "2420"]
[PlyCount "91"]
[GameId "2160767912519705"]
[EventDate "1989.03.??"]
[EventType "tourn"]
[EventRounds "11"]
[EventCountry "CAN"]
[EventCategory "8"]
[SourceTitle "EXT 89"]

1. d4 Nf6 2. c4 e6 3. Nc3 Bb4 4. e3 b6 5. Nge2 Ba6 6. a3 Bxc3+ 7. Nxc3 d5 8. b3 Nc6 9. a4 dxc4 10. bxc4 Na5 11. Nb5 c6 12. Na3 Qe7 13. Bd3 O-O 14. O-O c5 15. Nb5 Rfd8 16. Bb2 Rac8 17. Rc1 Nc6 18. d5 exd5 19. Bxf6 Qxf6 20. cxd5 Nb4 21. e4 Bxb5 22. Bxb5 a6 23. Bc4 Qe5 24. Re1 Qe8 25. Bf1 Kh8 26. Qb3 Qe5 27. Rcd1 f5 28. exf5 Qxf5 29. d6 Rf8 30. Qg3 Rcd8 31. Re7 Rf7 32. Rxf7 Qxf7 33. d7 h6 34. Qc7 Qe7 35. Rd2 Kh7 36. Rd1 Qf6 37. h3 Qe7 38. Bc4 Qf6 39. Be2 Kh8 40. Rd6 Qe7 41. Rd2 Kh7 42. Kh2 Qf6 43. Bf3 b5 44. Re2 Qf8 45. Be4+ g6 46. Qg3 1-0

[Event "Croatia int."]
[Site "Mississauga CAN"]
[Date "1989.??.??"]
[Round "6"]
[White "Hebert, Jean"]
[Black "Hulak, Krunoslav"]
[Result "1/2-1/2"]
[WhiteElo "2420"]
[BlackElo "2515"]
[PlyCount "122"]
[GameId "2160767912519707"]
[EventDate "1989.03.??"]
[EventType "tourn"]
[EventRounds "11"]
[EventCountry "CAN"]
[EventCategory "8"]
[SourceTitle "EXT 89"]

1. d4 Nf6 2. c4 e6 3. Nc3 Bb4 4. Nf3 c5 5. g3 cxd4 6. Nxd4 O-O 7. Bg2 d5 8. O-O dxc4 9. Qa4 Na6 10. Ndb5 Nd5 11. Rd1 Qe8 12. Nxd5 exd5 13. Rxd5 Qxe2 14. Qd1 Qe7 15. Bg5 f6 16. Bf4 Be6 17. a3 Bc5 18. Qe2 Rfe8 19. Re1 Bxd5 20. Qxe7 Rxe7 21. Bxd5+ Kf8 22. Rxe7 Kxe7 23. Bxb7 Rd8 24. Bxa6 g5 25. Bc7 Rd1+ 26. Kg2 Rd2 27. Nc3 Rxf2+ 28. Kh1 Rxb2 29. Bxc4 Bxa3 30. Nd5+ Kd7 31. Ba5 Rb1+ 32. Kg2 Bb2 33. h4 Be5 34. hxg5 fxg5 35. g4 Kc6 36. Ne3 Bf4 37. Nf5 Bc7 38. Nd4+ Kc5 39. Bxc7 Kxc4 40. Nf5 Kd5 41. Bd8 Ke5 42. Bxg5 a5 43. Kf3 a4 44. Bf4+ Kf6 45. Bd6 a3 46. Bxa3 Rb3+ 47. Kf4 Rxa3 48. Ng3 Ra4+ 49. Ne4+ Ke6 50. Kf3 Ke5 51. Ng5 Rf4+ 52. Kg3 h6 53. Nh3 Rd4 54. Kh4 Ke4 55. Kh5 Rd2 56. g5 hxg5 57. Nxg5+ Kf4 58. Nh3+ Kf5 59. Kh4 Rg2 60. Kh5 Rg4 61. Nf2 Rg8 1/2-1/2

[Event "Croatia int."]
[Site "Mississauga CAN"]
[Date "1989.??.??"]
[Round "9"]
[White "Dlugy, Maxim"]
[Black "Hebert, Jean"]
[Result "1/2-1/2"]
[WhiteElo "2570"]
[BlackElo "2420"]
[PlyCount "49"]
[GameId "2160767912519718"]
[EventDate "1989.03.??"]
[EventType "tourn"]
[EventRounds "11"]
[EventCountry "CAN"]
[EventCategory "8"]
[SourceTitle "EXT 89"]

1. d4 Nf6 2. c4 e6 3. Nf3 Bb4+ 4. Bd2 Qe7 5. g3 Nc6 6. Bg2 Bxd2+ 7. Nbxd2 d5 8. O-O O-O 9. Qc2 Rd8 10. Rfd1 Bd7 11. Rac1 a5 12. a3 a4 13. e4 dxe4 14. Nxe4 Nxe4 15. Qxe4 Na5 16. Re1 Qf6 17. Ne5 Bc6 18. d5 exd5 19. cxd5 Bxd5 20. Qxd5 Rxd5 21. Bxd5 c6 22. Bxf7+ Kh8 23. Rcd1 Rf8 24. Rd4 g5 25. Rxa4 1/2-1/2